Gaming Quiz

Random Gaming or Pokémon Quiz

Every main Pokémon in Pokémon Shuffle Part 2 Quiz Stats

 Plays Quiz not verified by Sporcle

Score 0/190 Timer 20:00
0 Plays Today
Stage Number Pokémon % Correct
211Starly
94.1%
212Gothita
88.2%
215Staravia
88.2%
216Gothorita
88.2%
224Staraptor
88.2%
228Gothitelle
88.2%
213Goomy
82.4%
223Kirlia
82.4%
229Sliggoo
82.4%
214Mime Jr.
76.5%
217Ralts
76.5%
221Meditite
76.5%
226Mr. Mime
76.5%
230Medicham
76.5%
238Gardevoir
76.5%
299Wigglytuff
76.5%
249Aromatisse
76.5%
246Spritzee
76.5%
285Igglybuff
76.5%
293Jigglypuff
76.5%
218Scatterbug
70.6%
219Spewpa
70.6%
220Vivillon
70.6%
225Klink
70.6%
227Klang
70.6%
231Grimer
70.6%
232Wingull
70.6%
234Muk
70.6%
235Pawniard
70.6%
290Rayquaza
70.6%
280Florges
70.6%
243Shinx
70.6%
245Luxio
70.6%
251Inkay
70.6%
262Flabébé
70.6%
273Floette
70.6%
278Porygon
70.6%
297Porygon2
70.6%
330Magnezone
70.6%
333Smoochum
70.6%
325Magnemite
70.6%
328Magneton
70.6%
304Spoink
70.6%
309Grumpig
70.6%
345Jynx
70.6%
361Slugma
70.6%
365Magcargo
70.6%
375Shieldon
70.6%
380Bastiodon
70.6%
386Vibrava
70.6%
222Skitty
64.7%
237Pelipper
64.7%
239Klinklang
64.7%
300Mega Rayquaza
64.7%
250Roserade
64.7%
259Exploud
64.7%
241Budew
64.7%
244Whismur
64.7%
248Roselia
64.7%
257Loudred
64.7%
263Makuhita
64.7%
264Hariyama
64.7%
265Munna
64.7%
267Musharna
64.7%
Stage Number Pokémon % Correct
272Nosepass
64.7%
275Spinarak
64.7%
276Rattata
64.7%
277Ariados
64.7%
281Raticate
64.7%
284Probopass
64.7%
286Snover
64.7%
289Abomasnow
64.7%
291Swinub
64.7%
295Piloswine
64.7%
350Mega Mewtwo X
64.7%
310Weezing
64.7%
320Tyrantrum
64.7%
316Tyrunt
64.7%
318Fearow
64.7%
329Teddiursa
64.7%
311Spearow
64.7%
305Koffing
64.7%
353Cranidos
64.7%
358Trapinch
64.7%
360Rampardos
64.7%
363Natu
64.7%
368Deino
64.7%
369Xatu
64.7%
372Zweilous
64.7%
373Unown !
64.7%
383Unown ?
64.7%
390Flygon
64.7%
392Clamperl
64.7%
395Huntail
64.7%
398Gorebyss
64.7%
240Mega Medicham
58.8%
233Bouffalant
58.8%
236Delcatty
58.8%
255Joltik
58.8%
270Aggron
58.8%
260Deoxys
58.8%
242Machop
58.8%
252Chimchar
58.8%
247Machoke
58.8%
254Monferno
58.8%
258Galvantula
58.8%
261Aron
58.8%
266Vullaby
58.8%
268Lairon
58.8%
269Gligar
58.8%
271Tympole
58.8%
274Mandibuzz
58.8%
282Chinchou
58.8%
283Palpitoad
58.8%
287Lanturn
58.8%
292Seismitoad
58.8%
294Doduo
58.8%
296Dodrio
58.8%
340Golurk
58.8%
338Sentret
58.8%
324Golett
58.8%
327Sandile
58.8%
317Sealeo
58.8%
319Mankey
58.8%
314Spheal
58.8%
323Exeggcute
58.8%
322Simisear
58.8%
331Simipour
58.8%
Stage Number Pokémon % Correct
301Pansear
58.8%
312Panpour
58.8%
31Growlithe
58.8%
315Pansage
58.8%
342Ursaring
58.8%
339Furret
58.8%
348Exeggutor
58.8%
349Krookodile
58.8%
347Drapion
58.8%
334Simisage
58.8%
343Skorupi
58.8%
302Paras
58.8%
306Parasect
58.8%
344Primeape
58.8%
346Krokorok
58.8%
354Yanma
58.8%
351Lotad
58.8%
355Glameow
58.8%
356Lombre
58.8%
400Mega Scizor
58.8%
362Purugly
58.8%
367Combee
58.8%
371Vespiquen
58.8%
377Rhyhorn
58.8%
378Patrat
58.8%
381Rhydon
58.8%
384Watchog
58.8%
388Bunnelby
58.8%
393Diggersby
58.8%
256Gogoat
52.9%
253Skiddo
52.9%
279Stunky
52.9%
288Alomomola
52.9%
298Skuntank
52.9%
326Finneon
52.9%
321Magikarp
52.9%
341Kakuna
52.9%
337Weedle
52.9%
335Lumineon
52.9%
332Kabuto
52.9%
336Omanyte
52.9%
303Phantump
52.9%
307Murkrow
52.9%
308Trevenant
52.9%
352Psyduck
52.9%
357Golduck
52.9%
399Magmar
52.9%
364Skrelp
52.9%
370Dragalge
52.9%
374Horsea
52.9%
376Scraggy
52.9%
379Seadra
52.9%
382Scrafty
52.9%
387Elekid
52.9%
391Electabuzz
52.9%
396Magby
52.9%
359Binacle
47.1%
366Barbaracle
47.1%
394Cacnea
47.1%
397Cacturne
47.1%
385Shellos West Sea
23.5%
389Gastrodon West Sea
23.5%

You're not logged in!

Compare scores with friends on all Sporcle quizzes.
OR
Log In

Sporcle TV

Today on Sporcle TV


Watch our educational content, quiz creation guides, and fun videos on Sporcle TV.

Show Comments

Extras

Created Sep 7, 2017SourceReportNominate
Tags:Pokémon Quiz

Top Quizzes Today


Score Distribution

Your Account Isn't Verified!

In order to create a playlist on Sporcle, you need to verify the email address you used during registration. Go to your Sporcle Settings to finish the process.

Report this User

Report this user for behavior that violates our Community Guidelines.

Details: